000 00258nam a2200109Ia 4500
008 190912s9999||||xx |||||||||||||| ||und||
100 _aSmith, Richard
245 0 _aInternet Cryptography
260 _aEngland
_bMcGraw Hill
_c2000
300 _a356
942 _cBK
999 _c7462
_d7462